Visions of Modern Finnish Desing (Record no. 938)
[ view plain ]
| 000 -CABECERA | |
|---|---|
| campo de control de longitud fija | 00851nam a2200265 a 4500 |
| 001 - NÚMERO DE CONTROL | |
| campo de control | BRCA_1059 |
| 003 - IDENTIFICADOR DEL NÚMERO DE CONTROL | |
| campo de control | FranzMayer |
| 005 - FECHA Y HORA DE LA ÚLTIMA TRANSACCIÓN | |
| campo de control | 20230918125027.0 |
| 008 - DATOS DE LONGITUD FIJA--INFORMACIÓN GENERAL | |
| campo de control de longitud fija | 070508s1999----fi-a---###---#000-0#eng-# |
| 020 ## - NÚMERO INTERNACIONAL ESTÁNDAR DEL LIBRO | |
| Número Internacional Estándar del Libro | 9511160044 |
| 040 ## - FUENTE DE LA CATALOGACIÓN | |
| Centro/agencia transcriptor | mfm |
| 041 ## - CÓDIGO DE LENGUA | |
| Código de lengua del texto/banda sonora o título independiente | eng |
| Código de lengua original | fin |
| 050 #4 - SIGNATURA TOPOGRÁFICA DE LA BIBLIOTECA DEL CONGRESO | |
| Número de clasificación | NK1471.F5 |
| Número de documento/Ítem | .S74 1999 |
| 100 1# - ENTRADA PRINCIPAL--NOMBRE DE PERSONA | |
| Nombre de persona | Stenros, Anne |
| 9 (RLIN) | 3488 |
| 245 10 - MENCIÓN DE TÍTULO | |
| Título | Visions of Modern Finnish Desing |
| Mención de responsabilidad, etc. | edited by Anne Stenros. |
| 260 ## - PUBLICACIÓN, DISTRIBUCIÓN, ETC. | |
| Lugar de publicación, distribución, etc. | Keuruu, Finlandia |
| Nombre del editor, distribuidor, etc. | Otava Publishing Company |
| Fecha de publicación, distribución, etc. | 1999 |
| 300 ## - DESCRIPCIÓN FÍSICA | |
| Extensión | 163 p. |
| Otras características físicas | il. (algunas a color) |
| Dimensiones | 28 cm. |
| 500 ## - NOTA GENERAL | |
| Nota general | Un ejemplar en Anexo 1 |
| 500 ## - NOTA GENERAL | |
| Nota general | Incluye índice de nombres |
| 504 ## - NOTA DE BIBLIOGRAFÍA, ETC. | |
| Nota de bibliografía, etc. | Bibliografía : p. 160-161 |
| 650 14 - PUNTO DE ACCESO ADICIONAL DE MATERIA--TÉRMINO DE MATERIA | |
| Término de materia o nombre geográfico como elemento de entrada | Diseño |
| Subdivisión general | Historia |
| Subdivisión cronológica | Siglo XX |
| Subdivisión geográfica | Finlandia |
| 9 (RLIN) | 3417 |
| 650 14 - PUNTO DE ACCESO ADICIONAL DE MATERIA--TÉRMINO DE MATERIA | |
| Término de materia o nombre geográfico como elemento de entrada | Artes decorativas |
| Subdivisión general | Historia |
| Subdivisión cronológica | Siglo XX |
| Subdivisión geográfica | Finlandia |
| 9 (RLIN) | 3489 |
| 650 14 - PUNTO DE ACCESO ADICIONAL DE MATERIA--TÉRMINO DE MATERIA | |
| Término de materia o nombre geográfico como elemento de entrada | Diseño industrial |
| Subdivisión geográfica | Finlandia |
| 9 (RLIN) | 3490 |
| 942 ## - ELEMENTOS DE PUNTO DE ACCESO ADICIONAL (KOHA) | |
| Fuente del sistema de clasificación o colocación | Library of Congress Classification |
| Tipo de ítem Koha | Libros |
| Estado de retiro | Estado de pérdida | Estado dañado | No para préstamo | Localización permanente | Ubicación/localización actual | Fecha de adquisición | Total de préstamos | Signatura topográfica completa | Código de barras | Fecha visto por última vez | Precio válido a partir de | Tipo de ítem Koha | Fuente del sistema de clasificación o colocación | Código de colección |
|---|---|---|---|---|---|---|---|---|---|---|---|---|---|---|
| El ejemplar forma parte de la colección y puede ser consultado según las políticas vigentes. | Biblioteca del Museo Franz Mayer (Rogerio Casas-Alatriste) | Biblioteca del Museo Franz Mayer (Rogerio Casas-Alatriste) | 26/06/2008 | NK1471.F5 .S74 1999 | 01546 | 22/03/2019 | 22/03/2019 | Libros | ||||||
| El ejemplar forma parte de la colección y puede ser consultado según las políticas vigentes. | Biblioteca del Museo Franz Mayer (Rogerio Casas-Alatriste) | Biblioteca del Museo Franz Mayer (Rogerio Casas-Alatriste) | 04/09/2023 | NK1471.F5 .S74 1999 | CONT10167 | 04/09/2023 | 04/09/2023 | Libros | Library of Congress Classification | Fondo Contemporáneo |